Organizational behaviour / (Record no. 234312)
[ view plain ]
| 000 -LEADER | |
|---|---|
| fixed length control field | 02818nam a22002417a 4500 |
| 003 - CONTROL NUMBER IDENTIFIER | |
| control field | OSt |
| 005 - DATE AND TIME OF LATEST TRANSACTION | |
| control field | 20250523152657.0 |
| 008 - FIXED-LENGTH DATA ELEMENTS--GENERAL INFORMATION | |
| fixed length control field | 250522b |||||||| |||| 00| 0 eng d |
| 020 ## - INTERNATIONAL STANDARD BOOK NUMBER | |
| International Standard Book Number | 9789351611462 |
| 040 ## - CATALOGING SOURCE | |
| Transcribing agency | AIMITLIBRARY |
| 082 ## - DEWEY DECIMAL CLASSIFICATION NUMBER | |
| Edition number | 1 |
| Classification number | 658.4 |
| Item number | PRAL |
| 100 ## - MAIN ENTRY--PERSONAL NAME | |
| Personal name | Prasad, L M. |
| 9 (RLIN) | 210697 |
| 245 ## - TITLE STATEMENT | |
| Title | Organizational behaviour / |
| Statement of responsibility, etc. | By L.M. Prasad. |
| 250 ## - EDITION STATEMENT | |
| Edition statement | 1st ed. |
| 260 ## - PUBLICATION, DISTRIBUTION, ETC. | |
| Place of publication, distribution, etc. | New Delhi : |
| Name of publisher, distributor, etc. | Sultan Chand and Sons, |
| Date of publication, distribution, etc. | 2022. |
| 300 ## - PHYSICAL DESCRIPTION | |
| Extent | xvi,549 p.; |
| Other physical details | PB |
| Dimensions | 25.5 cm. |
| 500 ## - GENERAL NOTE | |
| General note | About the Book<br/><br/>The book in the present edition has been thoroughly revised and restructured. All the chapters have been re-written not only to incorporate new developments in Organizational Behaviour but also to make the subject – matter more lucid and crisp. Thus, the present edition is vastly improved both in terms of contents and presentation.<br/><br/><br/><br/>Salient Features<br/><br/>Most comprehensive coverage of subject-matter with latest development.<br/><br/>Most authentic presentation of the subject-matter.<br/><br/>Subject-matter presented in simple and lucid style with suitable Figures, Tables and Exhibits.<br/><br/>Proper blend of theory and practice.<br/><br/>An opening case of organizational behaviour so that the concerned concepts can be related to practices easily.<br/><br/>Multiple choice questions, short answer questions, discussion/application questions at the end of each chapter to test the assimilation of subject-matter concerned.<br/><br/>Awareness Developer at the end of each chapter to enable the reader to assess her/his behavioural pattern.<br/><br/>Case at the end of each chapter for class-room discussion to sharpen diagnostic and analytical skills of the readers.<br/><br/>Guidelines for learning through cases at the end of the book to enable the readers to make full use of learning through cases.<br/><br/>Glossary at the end of the book for bird's eye view. <br/><br/>Thus, the present edition is ideally suited to MBA/PGDM and other relevant courses. |
| 505 ## - FORMATTED CONTENTS NOTE | |
| Formatted contents note | <br/>Contents :<br/><br/>Part I: Conceptual Framework for Organizational Behaviour <br/>Introduction to Organizational Behaviour<br/>Part II: Foundations of Individual Behaviour – Nature of Human Behaviour<br/>Personality<br/>Perception<br/>Learning<br/>Attitudes and Values<br/>Emotional Intelligence<br/>Motivation: Concepts and Theories<br/>Motivation: Applications<br/>Individual Decision Making<br/>Part III: Foundations of Group Behaviour – Interpersonal Behaviour<br/>Group Dynamics<br/>Work Teams<br/>Power and Politics<br/>Leadership<br/>Communication<br/>Conflict Management<br/>Part IV: Organization Systems – Design of Organization Structure<br/>Organizational Culture<br/>Organizational Change and Stress Management<br/>Appendix 1<br/>Appendix 2<br/>Glossary<br/>Index |
| 650 ## - SUBJECT ADDED ENTRY--TOPICAL TERM | |
| Topical term or geographic name entry element | Introduction to organizational behaviour |
| 9 (RLIN) | 210698 |
| 650 ## - SUBJECT ADDED ENTRY--TOPICAL TERM | |
| Topical term or geographic name entry element | Perception |
| 9 (RLIN) | 210699 |
| 650 ## - SUBJECT ADDED ENTRY--TOPICAL TERM | |
| Topical term or geographic name entry element | Attitudes and values |
| 9 (RLIN) | 210700 |
| 942 ## - ADDED ENTRY ELEMENTS (KOHA) | |
| Source of classification or shelving scheme | Dewey Decimal Classification |
| Koha item type | Book |
| Call number prefix | 658.4 PRAL |
| Withdrawn status | Lost status | Source of classification or shelving scheme | Damaged status | Not for loan | Collection code | Home library | Current library | Shelving location | Date acquired | Total Checkouts | Full call number | Barcode | Date last seen | Price effective from | Koha item type |
|---|---|---|---|---|---|---|---|---|---|---|---|---|---|---|---|
| Dewey Decimal Classification | MBA | St Aloysius Institute of Management & Information Technology | St Aloysius Institute of Management & Information Technology | Organizational Behavior | 03/20/2025 | 658.4 PRAL | MBA15174 | 05/23/2026 | 05/22/2025 | Book |